| 000 | 00680nam a22002177a 4500 | ||
|---|---|---|---|
| 003 | UA-OsUOA | ||
| 001 | 67130 | ||
| 007 | ta | ||
| 008 | 20100211b un ||||| |||| 00| 0 ukr d | ||
| 090 |
_a902(477) _bН76 |
||
| 942 | _cBK | ||
| 040 |
_aUA-OsUOA _brus _cUA-OsUOA _dUA-OsUOA |
||
| 245 |
_aНовые материалы по археологии Северо-Западного Причерноморья _bСборник научных трудов |
||
| 300 | _a181 с. | ||
| 955 | _a2 | ||
| 041 | _arus | ||
| 080 | _a902(477) | ||
| 260 |
_aК. _bНаукова думка _c1985 |
||
| 650 | 7 |
_a9 Географія. Біографії. Історія _2UDC |
|
| 999 |
_c353372 _d353372 |
||